Lappi-visa - Statistics

Yleistilastot
  • Tätä visaa on pelattu 3 605 kertaa
    3 590 viimeisimmän päivityksen jälkeen
  • Keskiarvotulos 15 / 20
Vastaustilastot
Vihje Vastaus % Oikein
Väkirikkain kaupunki Rovaniemi
99%
Joulupukin myyttinen asuinpaikka ja tunturi Savukoskella Korvatunturi
93%
Suomen korkein kohta Halti
90%
Presidentti, jonka mukaan yksi kansallispuistoista on nimetty Urho Kekkonen
90%
Puhutut saamen kielet {Pohjois}saame
89%
Valtio, jota vastaan Suomi soti Lapin sodassa Saksa
89%
Suomen pisin joki Kemijoki
86%
Lapin vanhin ja toiseksi väkirikkain kunta Tornio
85%
Nimikkoeläin Poro
84%
Tämän malmin löytö aiheutti 1800- ja 1900-luvuilla ryntäykset Lappiin Kulta
82%
Suomen pohjoisin kunta Utsjoki
82%
Lapin ainoa naapurimaakunta Pohjois-Pohjanmaa
79%
Ruotsalainen rajakaupunki ja ylemmän kunnan naapuri Haaparanta
74%
Suomen pohjoisin yliopisto {Lapin} yliopisto
73%
Ruumiinosaa muistuttava ulkonema Enontekiössä Käsivarsi
71%
Suomen pohjoisin kylä Nuorgam
62%
Puhutut saamen kielet {Koltan}saame
57%
Puhutut saamen kielet {Inarin}saame
56%
Joki Norjan rajalla Tenojoki
55%
Suomen suurin kansallispuisto Lemmenjoki
30%
Ehtoja vastaavia visoja ei löytynyt
Tulosjakauma
Jokaisen tuloksen saaneiden osuus
Persentiili vastausten määrän mukaan
Tuloshistoriasi
Et ole pelannut tätä visaa sen viimeisimmän päivityksen jälkeen